Nonlinear problems in theoretical physics : proceedings of the IX G.I.F.T. International Seminar on Theoretical Physics, held at Jaca, Huesca (Spain), June 1978 /
Guardado en:
| Autores Corporativos: | , |
|---|---|
| Otros Autores: | |
| Formato: | Libro |
| Idioma: | English |
| Publicado: |
Berlin ; New York :
Springer-Verlag,
1979.
|
| Series: | Lecture notes in physics ;
98 |
| Materias: | |
| Etiquetas: |
Agregar Etiqueta
Sin Etiquetas, Sea el primero en etiquetar este registro!
|
| LEADER | 01044pam a2200253 a 4500 | ||
|---|---|---|---|
| 001 | MAT.inmabb005866 | ||
| 008 | 790430s1979####wb#a#####b####101#0#eng## | ||
| 005 | 20170518171308.0 | ||
| 245 | 1 | 0 | |a Nonlinear problems in theoretical physics : |b proceedings of the IX G.I.F.T. International Seminar on Theoretical Physics, held at Jaca, Huesca (Spain), June 1978 / |c edited by A. F. Rañada. |
| 260 | |a Berlin ; |a New York : |b Springer-Verlag, |c 1979. | ||
| 300 | |a x, 216 p. : |b il. ; |c 25 cm. | ||
| 440 | 0 | |a Lecture notes in physics ; |v 98 | |
| 504 | |a Incluye referencias bibliográficas e índice. | ||
| 510 | 4 | |a MR, |c 80f:81002 | |
| 020 | |a 0387092463 | ||
| 111 | 2 | |a International Seminar on Theoretical Physics, |b 9th, |c Jaca, Spain, |d 1978. | |
| 700 | 1 | |a Rañada, A. F., |d 1939- | |
| 710 | 2 | |a Grupo Interuniversitario de Física Teórica. | |
| 650 | 0 | |a Nonlinear theories |x Congresses. | |
| 650 | 0 | |a Mathematical physics |x Congresses. | |
| 084 | |a 81-06 |2 MR | ||
| 010 | |a 79013997 | ||
| 040 | |a DLC |c DLC |d DLC | ||
| 859 | |h 81 |i In61-1978 |p A-4962 |b BIB. MATEMATICA | ||
